Meditation according to yoga vedanta / (Record no. 40947)
[ view plain ]
| 000 -LEADER | |
|---|---|
| fixed length control field | 00727nam a22002057a 4500 |
| 005 - DATE AND TIME OF LATEST TRANSACTION | |
| control field | 20100811124722.0 |
| 010 ## - LCCN (DPL NO) | |
| LC control number | ENG-99577 |
| 020 ## - INTERNATIONAL STANDARD BOOK NUMBER | |
| International Standard Book Number | 8175052937 |
| Terms of availability | 35.00 |
| 035 ## - SYSTEM CONTROL NUMBER | |
| System control number | EN-83109 |
| 037 ## - SOURCE OF ACQUISITION | |
| Source of stock number/acquisition | DBAD/PUB |
| 082 ## - DEWEY DECIMAL CLASSIFICATION NUMBER | |
| Classification number | 181.432 |
| 100 ## - MAIN ENTRY--PERSONAL NAME | |
| Personal name | Siddheswarananda |
| 245 ## - TITLE STATEMENT | |
| Title | Meditation according to yoga vedanta / |
| Statement of responsibility, etc | by Siddheswarananda |
| 250 ## - EDITION STATEMENT | |
| Edition statement | 7th ed. |
| 260 ## - PUBLICATION, DISTRIBUTION, ETC. (IMPRINT) | |
| Place of publication, distribution, etc | Uttarakhand |
| Name of publisher, distributor, etc | Advaita Ashrama |
| Date of publication, distribution, etc | 2007 |
| 270 ## - ADDRESS | |
| Address | President Advaita Ashrama Mayavati Champawat |
| City | Uttarakhand |
| Postal code | 262524 |
| 300 ## - PHYSICAL DESCRIPTION | |
| Extent | 192p |
| Dimensions | 18cm(pbk) |
| 942 ## - ADDED ENTRY ELEMENTS (KOHA) | |
| Source of classification or shelving scheme | Dewey Decimal Classification |
| Item type | English Books |
| Classification part | 230.42 |
| Call number suffix | SID |
| Withdrawn status | Lost status | Not for loan | Collection code | Home library | Current library | Date acquired | Source of acquisition | Cost, normal purchase price | Full call number | Barcode | Copy number | Cost, replacement price | Koha item type |
|---|---|---|---|---|---|---|---|---|---|---|---|---|---|
| Not For Loan | Non-fiction | D.B.Act.Division | D.B.Act.Division | 11/08/2010 | DBAD/PUB | 35.00 | 230.42 SID | EN-83109 | 1 | 35.00 | English Books |
